000 00684nam a2200253Ia 4500
001 33100
005 20240114001634.0
007 ta
008 061207s1947 a g b000 u 465 u
040 _aCotton College,Assam
041 _a465
082 _a295
_bT 171 G
100 _aTaraporewala, Irach J.S. .
245 0 _aThe Gathas of Zarathushtra /
_cIrach J.S.Taraporewala.
_hTextual Documents
250 _a1st ed. /
260 _aBombay :
_bIrach J.S.Taraporewala ,
_c1947.
300 _a307p. :
_bill ;
_c16cm .
653 _aReligion
653 _aZarathushtra Religion
653 _aG-Religion
942 _2ddc
_cBK
999 _c33082
_d33082